[Event "SPICE Cup"]
[Site "St Louis USA"]
[Date "2012.10.21"]
[EventDate "2012.10.12"]
[Round "10"]
[Result "1/2-1/2"]
[White "Maxime Vachier-Lagrave"]
[Black "Georg Meier"]
[WhiteElo "2705"]
[BlackElo "2646"]
[PlyCount "68"]

1. c4 Nf6 2. Nc3 c5 3. Nf3 e6 4. e4 Nc6 5. Be2 d5 6. exd5 exd5
7. d4 Be6 8. cxd5 Nxd5 9. O-O Be7 10. dxc5 Nxc3 11. bxc3 Bxc5
12. Ng5 Qxd1 13. Rxd1 Rd8 14. Rxd8+ Nxd8 15. Ne4 Be7 16. Be3
a6 17. Bf3 Kd7 18. Nc5+ Bxc5 19. Bxc5 Re8 20. h4 Bf5 21. Rd1+
Kc7 22. g4 Be4 23. Re1 Bc6 24. Rxe8 Bxe8 25. Be4 g6 26. Kh2
Bd7 27. Kg3 f5 28. gxf5 Bxf5 29. Bf3 Ne6 30. Be3 h5 31. c4 b5
32. cxb5 axb5 33. Bd5 Kd6 34. Bxe6 Kxe6 1/2-1/2

[Event "16th Corsica Masters KO"]
[Site "Bastia FRA"]
[Date "2012.10.29"]
[EventDate "2012.10.28"]
[Round "2.1"]
[Result "1-0"]
[White "Maxime Vachier-Lagrave"]
[Black "Artur Yusupov"]
[WhiteElo "2705"]
[BlackElo "2608"]
[PlyCount "81"]

1. c4 e6 2. Nc3 d5 3. d4 Nf6 4. Bg5 Be7 5. e3 h6 6. Bh4 O-O
7. Rc1 b6 8. Bxf6 Bxf6 9. cxd5 exd5 10. Bd3 Be6 11. Nge2 c5
12. dxc5 bxc5 13. Nf4 d4 14. exd4 cxd4 15. Nxe6 fxe6 16. Ne4
Qa5+ 17. Qd2 Qxd2+ 18. Kxd2 Nd7 19. Rc6 Rab8 20. b3 Rb6
21. Rc7 Ne5 22. Rxa7 Nc6 23. Ra4 Bg5+ 24. Ke2 Nb4 25. Rd1 e5
26. g3 Rc8 27. Bc4+ Kh7 28. h4 Be7 29. Rd2 Rc7 30. Ra8 g6
31. Kf1 Nc6 32. Kg2 h5 33. Kh3 Rb8 34. Ra6 Bb4 35. Ng5+ Kh6
36. Re2 Bc3 37. Bd3 Rg8 38. a3 Nb8 39. Re6 Nd7 40. Re7 Rg7
41. Rxg7 1-0

[Event "16th Corsica Masters KO"]
[Site "Bastia FRA"]
[Date "2012.10.29"]
[EventDate "2012.10.28"]
[Round "2.2"]
[Result "0-1"]
[White "Artur Yusupov"]
[Black "Maxime Vachier-Lagrave"]
[WhiteElo "2608"]
[BlackElo "2705"]
[PlyCount "96"]

1. c4 Nf6 2. Nc3 e5 3. g3 Bb4 4. Bg2 O-O 5. Nf3 Re8 6. O-O c6
7. d3 h6 8. Nd2 Na6 9. a3 Bf8 10. b4 d5 11. cxd5 cxd5 12. Bb2
Nc7 13. Rc1 Bg4 14. h3 Be6 15. Nf3 Bd6 16. Na4 d4 17. Nc5 Bd5
18. Nd2 Bxg2 19. Kxg2 Bxc5 20. Rxc5 b6 21. Rc4 Ne6 22. Nf3 Qd5
23. Qc2 Rad8 24. Kh2 Nh7 25. Rc1 Nhg5 26. Qd1 Nxf3+ 27. exf3
Ng5 28. Kg2 Qd7 29. h4 Qh3+ 30. Kg1 Ne6 31. Qf1 Qf5 32. Qe2 g5
33. Qe4 Qxe4 34. fxe4 gxh4 35. Kg2 hxg3 36. fxg3 Kg7 37. a4 h5
38. R1c2 h4 39. Bc1 hxg3 40. Kxg3 Rh8 41. Rc6 Kf6 42. Rf2+ Ke7
43. b5 f6 44. Kf3 Rc8 45. Ba3+ Kf7 46. Rd6 Rh3+ 47. Kg4 Rch8
48. Bc1 R8h4+ 0-1

[Event "16th Corsica Masters KO"]
[Site "Bastia FRA"]
[Date "2012.10.29"]
[EventDate "2012.10.28"]
[Round "3.1"]
[Result "1/2-1/2"]
[White "Maxime Vachier-Lagrave"]
[Black "Etienne Bacrot"]
[WhiteElo "2705"]
[BlackElo "2705"]
[PlyCount "78"]

1. d4 d5 2. c4 e6 3. Nc3 Nf6 4. Bg5 Be7 5. e3 h6 6. Bh4 O-O
7. Rc1 b6 8. Bxf6 Bxf6 9. cxd5 exd5 10. Bd3 Be6 11. Nge2 c5
12. dxc5 bxc5 13. Nf4 Bxc3+ 14. Rxc3 Nd7 15. O-O c4 16. Bb1
Nf6 17. b3 Qa5 18. Qd4 cxb3 19. Rxb3 Rfc8 20. h3 Rc4 21. Qe5
Qc7 22. Qxc7 Rxc7 23. Bd3 g5 24. Nxe6 fxe6 25. Rfb1 Nd7
26. Kf1 Rac8 27. Ke2 Nc5 28. Rb8 Kf7 29. Rxc8 Rxc8 30. f4 Ke7
31. Bc2 Nd7 32. Kd2 Nb6 33. Bd3 Rc5 34. Rb5 Rc7 35. g3 Kf6
36. Rb4 Rc5 37. Rb5 Rc7 38. Rb4 Rc5 39. Rb5 Rc7 1/2-1/2

[Event "16th Corsica Masters KO"]
[Site "Bastia FRA"]
[Date "2012.10.29"]
[EventDate "2012.10.28"]
[Round "3.2"]
[Result "1-0"]
[White "Etienne Bacrot"]
[Black "Maxime Vachier-Lagrave"]
[WhiteElo "2705"]
[BlackElo "2705"]
[PlyCount "37"]

1. Nf3 c5 2. c4 Nc6 3. d4 cxd4 4. Nxd4 Nf6 5. g3 e5 6. Nb5
Bb4+ 7. Bd2 a6 8. Bxb4 axb5 9. Bd6 Ne4 10. Bg2 Qa5+ 11. b4
Nxb4 12. Bxe4 Nc2+ 13. Kf1 Nxa1 14. Bxe5 Qxa2 15. Bxg7 Rg8
16. Bf6 Ra6 17. Bxa1 Qxa1 18. cxb5 Rh6 19. Qc1 1-0

[Event "Bundesliga 2012/13"]
[Site "Baden Baden GER"]
[Date "2012.12.08"]
[EventDate "2012.10.20"]
[Round "5"]
[Result "1-0"]
[White "Maxime Vachier-Lagrave"]
[Black "Etienne Bacrot"]
[WhiteElo "2705"]
[BlackElo "2705"]
[PlyCount "63"]

1. c4 e6 2. e4 d5 3. cxd5 exd5 4. exd5 Nf6 5. Bb5+ Nbd7 6. Nc3
Be7 7. d4 O-O 8. Nf3 Nb6 9. h3 Bf5 10. O-O a6 11. Bd3 Bxd3
12. Qxd3 Nfxd5 13. Re1 Re8 14. Bd2 Nxc3 15. bxc3 Bf6 16. c4
Qd7 17. Bg5 Qc6 18. Bxf6 Qxf6 19. Qb3 Qc6 20. Ne5 Qe6 21. Rac1
Rad8 22. a4 a5 23. Re3 f6 24. d5 Qc8 25. Ng4 Qd7 26. d6 Rxe3
27. Nxe3 Kf8 28. c5 Nc8 29. Qxb7 cxd6 30. c6 Qxb7 31. cxb7 Nb6
32. Nd5 1-0

[Event "Bundesliga 2012/13"]
[Site "Baden Baden GER"]
[Date "2012.12.09"]
[EventDate "2012.10.20"]
[Round "6"]
[Result "1/2-1/2"]
[White "Viktor Erdos"]
[Black "Maxime Vachier-Lagrave"]
[WhiteElo "2637"]
[BlackElo "2705"]
[PlyCount "59"]

1. c4 e5 2. g3 Nf6 3. Bg2 c6 4. d4 exd4 5. Qxd4 d5 6. Nf3 Be6
7. cxd5 cxd5 8. Qa4+ Nbd7 9. Be3 Be7 10. O-O O-O 11. Rc1 Ne4
12. Nbd2 Nb6 13. Qd1 Nd6 14. Bd4 Nf5 15. e3 Re8 16. Rc2 Nc4
17. Bf1 Ncd6 18. Bd3 h5 19. h4 g6 20. Rac1 Nxd4 21. Nxd4 Bg4
22. Be2 Bxe2 23. Nxe2 Nf5 24. Nf3 Bf6 25. Rd2 Qa5 26. Qb3 Rad8
27. Rcd1 Qa6 28. Nf4 d4 29. exd4 Kg7 30. Qa3 1/2-1/2

[Event "Amplico ch-EUR Blitz"]
[Site "Warsaw POL"]
[Date "2012.12.14"]
[EventDate "2012.12.14"]
[Round "1.1"]
[Result "1-0"]
[White "Maxime Vachier-Lagrave"]
[Black "Kamil Koziol"]
[WhiteElo "2711"]
[BlackElo "1979"]
[PlyCount "67"]

1. e4 c5 2. Nf3 Nc6 3. Bb5 g6 4. O-O Bg7 5. c3 Nh6 6. d4 cxd4
7. cxd4 O-O 8. d5 Nb8 9. Nc3 d6 10. h3 f5 11. e5 Nf7 12. e6
Ne5 13. Re1 a6 14. Bf1 b5 15. Nxe5 Bxe5 16. Bh6 Re8 17. Rc1
Bb7 18. Qd2 Qb6 19. Be3 Qa5 20. a3 b4 21. Na2 Qxd5 22. Nxb4
Qxd2 23. Bxd2 Bxb2 24. Rc7 Bc8 25. Nd5 Bxa3 26. Rxc8 Rxc8
27. Nxe7+ Kf8 28. Nxc8 Nc6 29. Nb6 Ra7 30. Nd5 Ne5 31. Rb1 Nc6
32. Bh6+ Ke8 33. Bxa6 Bc5 34. Bb5 1-0

[Event "Amplico ch-EUR Blitz"]
[Site "Warsaw POL"]
[Date "2012.12.14"]
[EventDate "2012.12.14"]
[Round "2.1"]
[Result "1/2-1/2"]
[White "Nikita Meskovs"]
[Black "Maxime Vachier-Lagrave"]
[WhiteElo "2314"]
[BlackElo "2711"]
[PlyCount "193"]

1. d4 Nf6 2. c4 g6 3. Nc3 d5 4. Nf3 Bg7 5. Bg5 Ne4 6. cxd5
Nxg5 7. Nxg5 e6 8. Nf3 exd5 9. e3 O-O 10. Bd3 c6 11. O-O Qd6
12. Qc2 Nd7 13. Rab1 a5 14. Rfc1 Re8 15. Na4 Rb8 16. a3 Nf6
17. b4 axb4 18. axb4 Bg4 19. Ne5 Be6 20. h3 Ne4 21. Bxe4 dxe4
22. Qc5 Qd8 23. b5 cxb5 24. Qxb5 Qg5 25. Kh1 f6 26. Ng4 Qh4
27. Qe2 b5 28. Nc5 Bc4 29. Qd2 h5 30. Nh2 Qg5 31. Nf1 h4
32. Qe1 Qd5 33. Nd2 Ba2 34. Rb2 f5 35. Na6 Ra8 36. Nb4 Qf7
37. Nxa2 Rxa2 38. Rxb5 Bf8 39. Rb6 Re6 40. Rxe6 Qxe6 41. Nc4
g5 42. Ne5 Bd6 43. Rc6 Qd5 44. Rc8+ Kg7 45. Nc4 Be7 46. Qb1
Ra7 47. Qb8 Rb7 48. Qe5+ Qxe5 49. Nxe5 Bd6 50. Rc1 Kf6 51. Kg1
Ke6 52. Nc4 Bc7 53. Nd2 Ba5 54. Nc4 Bd8 55. Ne5 Bc7 56. Rc6+
Bd6 57. Rc1 Kd5 58. Kf1 f4 59. Ng4 Be7 60. Nh6 f3 61. Ng4 Rb2
62. Ne5 fxg2+ 63. Kxg2 Rb6 64. Ng4 Bd6 65. Ra1 Kc4 66. Ra5 Kd3
67. Rxg5 Rb2 68. Rf5 Ke2 69. Nf6 Kd3 70. d5 Rb8 71. Ng4 Rb5
72. Nh6 Rb8 73. Nf7 Rg8+ 74. Rg5 Rxg5+ 75. Nxg5 Be7 76. Ne6
Kc4 77. Ng7 Kxd5 78. Nf5 Bf6 79. f4 Kc4 80. Nh6 Kd3 81. Ng4
Be7 82. Kf2 Kc4 83. Ne5+ Kd5 84. Ke2 Bf6 85. Ng4 Bc3 86. Nh6
Ke6 87. Kd1 Ba5 88. Ng4 Kf5 89. Ne5 Bc7 90. Nc4 Bxf4 91. exf4
Kxf4 92. Ke2 Kg3 93. Ne3 Kxh3 94. Kf2 Kh2 95. Ng4+ Kh3 96. Ne3
Kh2 97. Ng4+ 1/2-1/2

[Event "Amplico ch-EUR Blitz"]
[Site "Warsaw POL"]
[Date "2012.12.14"]
[EventDate "2012.12.14"]
[Round "2.2"]
[Result "1-0"]
[White "Maxime Vachier-Lagrave"]
[Black "Nikita Meskovs"]
[WhiteElo "2711"]
[BlackElo "2314"]
[PlyCount "187"]

1. c4 Nf6 2. Nc3 c5 3. g3 g6 4. Bg2 Bg7 5. Nf3 O-O 6. O-O Nc6
7. d4 d6 8. b3 Bf5 9. Bb2 cxd4 10. Nxd4 Nxd4 11. Qxd4 Ne4
12. Qe3 Nxc3 13. Bxc3 Bxc3 14. Qxc3 Qc7 15. Rac1 Rac8 16. Qe3
b6 17. Rfd1 Rfe8 18. Qf4 Bd7 19. Bd5 Rf8 20. h4 h5 21. Qh6 e6
22. Be4 Bc6 23. Bxc6 Qxc6 24. Qf4 Rfd8 25. Rc3 Rd7 26. Rcd3
Rcd8 27. g4 hxg4 28. Qxg4 Qc5 29. Qf4 Kg7 30. Rg3 Rh8 31. Rg5
e5 32. Qg4 Re7 33. h5 Rh6 34. Rd3 Re6 35. Kg2 Rf6 36. Rf3 Rxf3
37. Qxf3 Qd4 38. Rg4 Qd1 39. Rg3 Qd4 40. hxg6 Rxg6 41. Rxg6+
Kxg6 42. e3 Qh4 43. Qd5 Qf6 44. Kf1 Qe6 45. Qg2+ Kf6 46. Ke2
Ke7 47. Qb7+ Qd7 48. Qe4 a5 49. Kd2 Qc7 50. Qh4+ Ke6 51. Qg4+
Ke7 52. Qg5+ Ke6 53. Qg8 Ke7 54. Qa8 Qc5 55. Kd3 Kf6 56. Ke4
Qc7 57. Qh8+ Ke7 58. Qh4+ Ke6 59. Qh6+ Ke7 60. Kf5 Qd7+
61. Kg5 Qe6 62. Qxe6+ Kxe6 63. e4 Ke7 64. f4 exf4 65. Kxf4 Ke6
66. Ke3 Ke5 67. Kd3 Ke6 68. Kd4 Ke7 69. Kd5 Kd7 70. Kd4 Ke6
71. Ke3 Ke5 72. Kd3 Ke6 73. Kd4 Ke7 74. Kd5 Kd7 75. a3 Kc7
76. b4 axb4 77. axb4 Kd7 78. Kd4 Ke6 79. Ke3 Ke5 80. Kd3 Ke6
81. Kd4 Kd7 82. Kd5 Kc7 83. e5 dxe5 84. Kxe5 Kd7 85. Kf6 Ke8
86. b5 Kd7 87. Kxf7 Kd6 88. Ke8 Kc7 89. Ke7 Kc8 90. Kd6 Kb7
91. Kd7 Kb8 92. Kc6 Ka7 93. Kc7 Ka8 94. c5 1-0

[Event "Amplico ch-EUR Blitz"]
[Site "Warsaw POL"]
[Date "2012.12.14"]
[EventDate "2012.12.14"]
[Round "4.1"]
[Result "0-1"]
[White "Robert Kempinski"]
[Black "Maxime Vachier-Lagrave"]
[WhiteElo "2599"]
[BlackElo "2711"]
[PlyCount "76"]

1. d4 Nf6 2. c4 g6 3. g3 c6 4. Bg2 d5 5. cxd5 cxd5 6. Nf3 Bg7
7. Ne5 Ng4 8. Qa4+ Bd7 9. Nxd7 Qxd7 10. Qxd7+ Nxd7 11. Bxd5
Bxd4 12. e3 Bg7 13. h3 Nge5 14. Ke2 O-O 15. Nc3 Nb6 16. Bxb7
Rab8 17. Ba6 Nc6 18. Bd2 Nb4 19. Bb5 a6 20. Nd1 axb5 21. Bxb4
Nd5 22. Bd2 b4 23. Rc1 Rfd8 24. e4 Nf6 25. f3 Nd7 26. Rc2 Nf8
27. Nf2 Ne6 28. Be3 b3 29. axb3 Rxb3 30. Rb1 Bd4 31. Bh6 g5
32. Rd2 Re3+ 33. Kf1 Rxf3 34. Rbd1 Rxg3 35. b4 f6 36. b5 Kf7
37. h4 gxh4 38. b6 Bxb6 0-1

[Event "Amplico ch-EUR Blitz"]
[Site "Warsaw POL"]
[Date "2012.12.14"]
[EventDate "2012.12.14"]
[Round "5.1"]
[Result "0-1"]
[White "Maxime Vachier-Lagrave"]
[Black "Zaven Andriasian"]
[WhiteElo "2711"]
[BlackElo "2605"]
[PlyCount "146"]

1. c4 e5 2. Nc3 Nc6 3. g3 g6 4. Bg2 Bg7 5. e3 d6 6. Nge2 Nf6
7. O-O O-O 8. d4 exd4 9. exd4 Bf5 10. h3 Re8 11. Be3 h5
12. Re1 Nb4 13. Bg5 Nc2 14. Qd2 Nxe1 15. Rxe1 Qc8 16. Kh2 Ne4
17. Bxe4 Bxe4 18. Nf4 Bc6 19. Rxe8+ Qxe8 20. Nfd5 Bxd5
21. Nxd5 Qd7 22. Qf4 c6 23. Ne7+ Kh7 24. Qxf7 Qe8 25. Qf4 Qf8
26. d5 Re8 27. dxc6 Qxf4 28. Bxf4 bxc6 29. Nxc6 Re2 30. Kg2
Rxb2 31. a4 a6 32. a5 Rc2 33. Nb4 Rxc4 34. Nxa6 Bc3 35. Nb8
Bxa5 36. Bxd6 Bc7 37. Bxc7 Rxc7 38. Na6 Rc4 39. Kf3 Kg7
40. Ke3 h4 41. gxh4 Rxh4 42. Nc5 Rxh3+ 43. Kf4 Ra3 44. Ne4 Ra4
45. f3 Kh6 46. Kg4 Ra1 47. Kh4 Rh1+ 48. Kg4 Rg1+ 49. Kh4 g5+
50. Kh3 Kg6 51. Kh2 Ra1 52. Kg3 Rg1+ 53. Kf2 Rd1 54. Nc3 Rd3
55. Ne4 Kf5 56. Ng3+ Ke5 57. Nh5 Ra3 58. Ng3 Ra2+ 59. Ke3 Ra4
60. Kf2 Ra3 61. Nh5 Kf5 62. Ng3+ Ke5 63. Nh5 Rb3 64. Ng3 Rb1
65. Nh5 Rb2+ 66. Kg3 Kf5 67. Ng7+ Kf6 68. Ne8+ Ke5 69. Ng7 Rb7
70. Nh5 Kf5 71. Kf2 Rb2+ 72. Kg1 Ra2 73. Kh1 Rf2 0-1

[Event "Amplico ch-EUR Blitz"]
[Site "Warsaw POL"]
[Date "2012.12.14"]
[EventDate "2012.12.14"]
[Round "5.2"]
[Result "0-1"]
[White "Zaven Andriasian"]
[Black "Maxime Vachier-Lagrave"]
[WhiteElo "2605"]
[BlackElo "2711"]
[PlyCount "242"]

1. Nf3 Nf6 2. c4 g6 3. g3 Bg7 4. Bg2 O-O 5. O-O c6 6. d4 d5
7. cxd5 cxd5 8. Nc3 Ne4 9. Bf4 Nxc3 10. bxc3 Nc6 11. Ne5 Nxe5
12. Bxe5 Be6 13. Bxg7 Kxg7 14. Rb1 b6 15. c4 Rc8 16. cxd5 Bxd5
17. Bxd5 Qxd5 18. Qa4 Rc7 19. Rb5 Qd6 20. Qb4 Qxb4 21. Rxb4
Rc2 22. Ra4 Rxe2 23. Rxa7 Rd8 24. Rd1 e6 25. Ra4 Rd5 26. Kg2
Rf5 27. Rf1 Rb2 28. a3 b5 29. Ra5 Ra2 30. h4 h6 31. Kg1 g5
32. hxg5 hxg5 33. Kg2 g4 34. Kg1 Kf6 35. Kg2 Rd2 36. a4 Rxd4
37. Rxb5 Rxa4 38. Rxf5+ Kxf5 39. Rb1 e5 40. Rb7 f6 41. Rb6 Ra2
42. Rc6 Kg5 43. Rc5 Re2 44. Kf1 Re4 45. Rc8 Rd4 46. Rg8+ Kf5
47. Kg2 Ke6 48. Re8+ Kf7 49. Ra8 f5 50. Ra6 Ke7 51. Rb6 Rd6
52. Rb5 Ke6 53. Rb8 Kd5 54. Rf8 Ke4 55. Ra8 Rd4 56. Ra7 Rb4
57. Ra8 Rb5 58. Re8 Kd3 59. Rf8 e4 60. Ra8 Re5 61. Kf1 Rc5
62. Rd8+ Kc4 63. Ke2 Rd5 64. Ra8 Kd4 65. Rf8 Ra5 66. Rd8+ Ke5
67. Re8+ Kf6 68. Rf8+ Ke7 69. Rb8 Ra2+ 70. Ke3 Ra3+ 71. Ke2
Rf3 72. Rb5 Kf6 73. Rb6+ Kg5 74. Re6 Kh5 75. Re8 Kg6 76. Re6+
Kf7 77. Re5 Kg7 78. Re7+ Kf8 79. Re6 Kf7 80. Re5 Kf6 81. Re8
Ra3 82. Rf8+ Ke6 83. Re8+ Kd5 84. Rd8+ Kc6 85. Rf8 Rf3 86. Re8
Kd6 87. Rd8+ Ke7 88. Rd5 Ke6 89. Rd8 Kf7 90. Rd7+ Kf6 91. Rd6+
Ke5 92. Rd8 e3 93. Re8+ Kd4 94. fxe3+ Kd5 95. Rf8 Ke5 96. Re8+
Kd5 97. Rf8 Ke6 98. Re8+ Kf7 99. Ra8 Rxg3 100. Ra6 Rh3
101. Kf2 Kg7 102. Rb6 Rh6 103. Rb8 Kf6 104. Rf8+ Kg6 105. Rg8+
Kf7 106. Rb8 Rh2+ 107. Kg3 Rh3+ 108. Kf2 Rf3+ 109. Ke2 Kg6
110. Rg8+ Kh5 111. Rh8+ Kg5 112. Rh7 Rh3 113. Rg7+ Kh4
114. Rf7 Rf3 115. Rh7+ Kg3 116. Rh8 Rf2+ 117. Kd3 Kg2 118. Rg8
g3 119. Rg5 Kh2 120. Rh5+ Kg1 121. Rg5 g2 0-1

[Event "Amplico ch-EUR Blitz"]
[Site "Warsaw POL"]
[Date "2012.12.14"]
[EventDate "2012.12.14"]
[Round "6.1"]
[Result "0-1"]
[White "Arkadij Naiditsch"]
[Black "Maxime Vachier-Lagrave"]
[WhiteElo "2708"]
[BlackElo "2711"]
[PlyCount "90"]

1. e4 c5 2. Nf3 Nc6 3. Bb5 Nf6 4. Nc3 g6 5. e5 Ng4 6. Bxc6
dxc6 7. d3 Nh6 8. Ne4 Nf5 9. c3 b6 10. g4 Ng7 11. Rg1 h5
12. h3 hxg4 13. hxg4 Ne6 14. Be3 Bg7 15. Qe2 Ba6 16. c4 Qd7
17. O-O-O O-O-O 18. Qc2 Kb8 19. Nfg5 Nxg5 20. Nxg5 Rhf8 21. f4
f6 22. e6 Qc8 23. Nf7 Qxe6 24. Nxd8 Qxe3+ 25. Kb1 Rxd8
26. Rge1 Qxf4 27. Rxe7 Bf8 28. Rf7 Bd6 29. a4 Bc8 30. Rh1 Rd7
31. Rxd7 Bxd7 32. Rh8+ Bc8 33. Qg2 Kb7 34. Ka2 a5 35. Qh1 Bc7
36. Rf8 Qd6 37. Rf7 Be6 38. Rg7 Qxd3 39. b3 Qd2+ 40. Ka3 Bxg4
41. Qh7 Qd6 42. Qxg6 Qf4 43. Rf7 Bf5 44. Qxf6 Qc1+ 45. Qb2
Qxb2+ 0-1

[Event "Amplico ch-EUR Blitz"]
[Site "Warsaw POL"]
[Date "2012.12.14"]
[EventDate "2012.12.14"]
[Round "6.2"]
[Result "1-0"]
[White "Maxime Vachier-Lagrave"]
[Black "Arkadij Naiditsch"]
[WhiteElo "2711"]
[BlackElo "2708"]
[PlyCount "115"]

1. e4 c5 2. Nf3 Nc6 3. Bb5 g6 4. O-O Bg7 5. c3 e5 6. d4 cxd4
7. cxd4 Nxd4 8. Nxd4 exd4 9. Bf4 Ne7 10. Na3 O-O 11. Bd6 Re8
12. Rc1 Nc6 13. Re1 a6 14. Bd3 b5 15. Nc2 Bb7 16. Qd2 Rc8
17. f4 Na5 18. b3 Qb6 19. e5 Bf8 20. f5 Nc6 21. Bxf8 Rxf8
22. f6 Nd8 23. Bf5 d3+ 24. Kh1 Ne6 25. Bxe6 fxe6 26. Nb4 Qd4
27. Rxc8 Bxc8 28. Nxd3 Bb7 29. Qh6 Rf7 30. Qe3 Qxe3 31. Rxe3
d6 32. exd6 Rxf6 33. Kg1 e5 34. d7 Rd6 35. Nc5 Bc6 36. Nxa6
Bxd7 37. Nb4 Rd2 38. Rxe5 Kf7 39. Kf1 Kf6 40. Re2 Rd1+ 41. Kf2
Bf5 42. h3 Ra1 43. Rd2 h5 44. Ke3 h4 45. Nd5+ Kg5 46. Nc3 b4
47. Nd5 Re1+ 48. Kf2 Re4 49. Ne3 Rf4+ 50. Ke2 Bc8 51. Rd5+ Kh6
52. Rd6 Rf8 53. Rd4 Ba6+ 54. Ke1 Re8 55. Rxh4+ Kg5 56. Rg4+
Kf6 57. Kf2 Rb8 58. Rxb4 1-0

[Event "Amplico ch-EUR Blitz"]
[Site "Warsaw POL"]
[Date "2012.12.14"]
[EventDate "2012.12.14"]
[Round "7.1"]
[Result "1/2-1/2"]
[White "Maxime Vachier-Lagrave"]
[Black "Daniel Grigoryevich Fridman"]
[WhiteElo "2711"]
[BlackElo "2667"]
[PlyCount "58"]

1. e4 e5 2. Nf3 Nf6 3. Nxe5 d6 4. Nf3 Nxe4 5. Nc3 Nxc3 6. dxc3
Be7 7. Be3 Nc6 8. Qd2 Be6 9. Ng5 Bxg5 10. Bxg5 Qd7 11. Be2 O-O
12. Be3 Rfe8 13. O-O-O Bg4 14. Rde1 Bxe2 15. Rxe2 Ne5 16. b3
Ng4 17. Rhe1 Nxe3 18. Rxe3 b6 19. Qd5 g6 20. Kb2 a5 21. h4 h5
22. Qc4 Kf8 23. Qd4 Kg8 24. Qc4 Kf8 25. a4 Rxe3 26. Rxe3 Re8
27. Rxe8+ Kxe8 28. Qe4+ Kf8 29. f3 Qe7 1/2-1/2

[Event "Amplico ch-EUR Blitz"]
[Site "Warsaw POL"]
[Date "2012.12.14"]
[EventDate "2012.12.14"]
[Round "7.2"]
[Result "0-1"]
[White "Daniel Grigoryevich Fridman"]
[Black "Maxime Vachier-Lagrave"]
[WhiteElo "2667"]
[BlackElo "2711"]
[PlyCount "70"]

1. d4 Nf6 2. Nf3 g6 3. c4 Bg7 4. Nc3 d5 5. e3 O-O 6. Be2 Be6
7. Qb3 dxc4 8. Qxb7 Nbd7 9. Qc6 Nb6 10. O-O Qd6 11. Qxd6 cxd6
12. e4 Rfc8 13. d5 Bg4 14. Be3 Rab8 15. Rab1 Nfd7 16. Nd4 Bxe2
17. Ncxe2 Ne5 18. h3 f5 19. f3 fxe4 20. fxe4 Na4 21. b3 Nc5
22. Ng3 c3 23. Nc2 a5 24. Rbd1 Ncd3 25. Bg5 Nb4 26. Rf2 Rb7
27. Nxb4 axb4 28. Bf4 c2 29. Rc1 Nd3 30. Rf3 Bd4+ 31. Kf1 Nxf4
32. Rxf4 Be3 33. Ne2 Bxf4 34. Nxf4 Rf8 35. g3 g5 0-1

[Event "Amplico ch-EUR Blitz"]
[Site "Warsaw POL"]
[Date "2012.12.14"]
[EventDate "2012.12.14"]
[Round "9.2"]
[Result "1/2-1/2"]
[White "Maxime Vachier-Lagrave"]
[Black "Gabriel Sargissian"]
[WhiteElo "2711"]
[BlackElo "2666"]
[PlyCount "50"]

1. c4 e6 2. e4 d5 3. cxd5 exd5 4. exd5 Nf6 5. Bb5+ Nbd7 6. Nc3
Be7 7. Nf3 O-O 8. O-O Nb6 9. h3 Nbxd5 10. d4 c6 11. Bd3 h6
12. Re1 Re8 13. a3 Be6 14. Ne5 Bd6 15. Bd2 Bc7 16. Qf3 Nd7
17. Rad1 Nxc3 18. Bxc3 Nf6 19. Re2 Qd5 20. Qg3 Rad8 21. Rde1
Nd7 22. Be4 Qd6 23. Bc2 Qd5 24. Be4 Qd6 25. Bc2 Qd5 1/2-1/2

[Event "Amplico ch-EUR Blitz"]
[Site "Warsaw POL"]
[Date "2012.12.14"]
[EventDate "2012.12.14"]
[Round "10.2"]
[Result "0-1"]
[White "Ivan Bukavshin"]
[Black "Maxime Vachier-Lagrave"]
[WhiteElo "2510"]
[BlackElo "2711"]
[PlyCount "160"]

1. Nf3 Nf6 2. c4 g6 3. Nc3 d5 4. cxd5 Nxd5 5. h4 h5 6. Qb3 Nb6
7. Ng5 e6 8. g3 Nc6 9. Bg2 Nd4 10. Qd1 Bg7 11. O-O e5 12. b3
O-O 13. Ba3 Re8 14. Rc1 c6 15. e3 Ne6 16. Nge4 Bf8 17. Bxf8
Rxf8 18. b4 Qe7 19. Qb3 Kg7 20. Ne2 Nc7 21. Nc5 Rb8 22. d4 Bg4
23. Rfe1 Bxe2 24. Rxe2 exd4 25. Qb2 Rfd8 26. Rd1 Kg8 27. Rxd4
Rxd4 28. Qxd4 Rd8 29. Qa1 Ne6 30. Ne4 Nd5 31. a3 f5 32. Nd2
Qf6 33. Qxf6 Nxf6 34. Nc4 Rd1+ 35. Bf1 Ne4 36. Kg2 Kg7 37. Rc2
Kf6 38. Na5 Rd7 39. Bc4 Nd8 40. Be2 Nf7 41. f3 Ned6 42. Rd2
Ke7 43. Nb3 Ne5 44. Nc5 Rd8 45. Kf1 b6 46. Nb3 Ndc4 47. Bxc4
Nxc4 48. Rxd8 Kxd8 49. Ke2 Nxa3 50. Kd3 Nb5 51. Nd2 Nd6
52. Kd4 Ke7 53. Ke5 Nf7+ 54. Kd4 Ke6 55. Nc4 Nd6 56. Nd2 Nb5+
57. Kc4 Nc7 58. e4 fxe4 59. Nxe4 Nb5 60. Ng5+ Ke7 61. Kd3 Nd6
62. g4 Kf6 63. Nh3 Ke5 64. Ke3 a5 65. bxa5 bxa5 66. Nf2 a4
67. Nd3+ Kf6 68. Kd2 Nc4+ 69. Kc3 Ne5 70. Nf4 hxg4 71. fxg4
Nxg4 72. Kb4 Kf5 73. Nd3 Ne5 74. Nc5 Kg4 75. Kxa4 Kxh4 76. Kb4
g5 77. Ne4 g4 78. Kc5 g3 79. Nxg3 Kxg3 80. Kd4 Kf4 0-1

[Event "Amplico ch-EUR Blitz"]
[Site "Warsaw POL"]
[Date "2012.12.14"]
[EventDate "2012.12.14"]
[Round "11.1"]
[Result "1-0"]
[White "Maxime Vachier-Lagrave"]
[Black "Evgeny Romanov"]
[WhiteElo "2711"]
[BlackElo "2616"]
[PlyCount "63"]

1. c4 e5 2. Nc3 Nf6 3. Nf3 Nc6 4. g3 Nd4 5. Bg2 Nxf3+ 6. Bxf3
Bb4 7. O-O c6 8. d4 d6 9. Qb3 Bxc3 10. Qxc3 Qe7 11. dxe5 dxe5
12. Be3 O-O 13. Rfd1 Bg4 14. Rd2 Bxf3 15. exf3 b6 16. Re1 Nd7
17. Red1 Rfd8 18. Qa3 c5 19. Qa4 Nf6 20. Rxd8+ Rxd8 21. Rxd8+
Qxd8 22. Qxa7 e4 23. fxe4 Nxe4 24. Qb7 Nf6 25. Bf4 h6 26. Qb8
Qxb8 27. Bxb8 Nd7 28. Bc7 f6 29. Kg2 Kf7 30. Kf3 Ke6 31. Ke4
g5 32. g4 1-0

[Event "Amplico ch-EUR Blitz"]
[Site "Warsaw POL"]
[Date "2012.12.14"]
[EventDate "2012.12.14"]
[Round "11.2"]
[Result "1/2-1/2"]
[White "Evgeny Romanov"]
[Black "Maxime Vachier-Lagrave"]
[WhiteElo "2616"]
[BlackElo "2711"]
[PlyCount "41"]

1. c4 Nf6 2. Nc3 e5 3. Nf3 Nc6 4. g3 d5 5. cxd5 Nxd5 6. Bg2
Nb6 7. O-O Be7 8. a3 O-O 9. b4 Re8 10. d3 Bf8 11. Bb2 a5
12. b5 Nd4 13. Nd2 c6 14. bxc6 Nxc6 15. Nce4 Be6 16. Rc1 Bd5
17. Bf3 Nd4 18. Bg2 a4 19. Nc3 Bxg2 20. Kxg2 Qd7 21. Nce4
1/2-1/2

[Event "12th MetLife Amplico European (Rapid)"]
[Site "Warsaw POL"]
[Date "2012.12.15"]
[EventDate "2012.12.15"]
[Round "1.5"]
[Result "0-1"]
[White "Migle Lepeskaite"]
[Black "Maxime Vachier-Lagrave"]
[WhiteElo "1802"]
[BlackElo "2711"]
[PlyCount "62"]

1. d4 Nf6 2. c4 g6 3. Nc3 Bg7 4. g3 d5 5. Bg2 dxc4 6. Qa4+
Nfd7 7. Nf3 Nc6 8. d5 Nb6 9. Qd1 Nb4 10. Nd2 O-O 11. a3 N4xd5
12. Nxd5 Nxd5 13. Nxc4 Nb6 14. Qxd8 Rxd8 15. Na5 c6 16. O-O
Na4 17. Rb1 Bf5 18. e4 Be6 19. Nxb7 Rd7 20. e5 Rc8 21. Na5 Ba2
22. Ra1 Bd5 23. e6 fxe6 24. Rb1 c5 25. Rd1 Kf7 26. Rd2 Rcd8
27. Rc2 Ba2 28. Ra1 Rd1+ 29. Bf1 Bd5 30. h4 Bf3 31. Rc4 Rxf1+
0-1

[Event "12th MetLife Amplico European (Rapid)"]
[Site "Warsaw POL"]
[Date "2012.12.15"]
[EventDate "2012.12.15"]
[Round "2.5"]
[Result "1-0"]
[White "Maxime Vachier-Lagrave"]
[Black "Bogdan Olejarczyk"]
[WhiteElo "2711"]
[BlackElo "2119"]
[PlyCount "81"]

1. d4 d5 2. c4 c6 3. Nc3 Nf6 4. e3 a6 5. Nf3 Bf5 6. Bd3 Bxd3
7. Qxd3 e6 8. O-O Nbd7 9. e4 dxe4 10. Nxe4 Be7 11. Ng3 O-O
12. b3 a5 13. a3 Re8 14. Bb2 Qc7 15. Rfe1 Rad8 16. Rad1 h6
17. Qe2 Qf4 18. Ne5 Nxe5 19. dxe5 Nh7 20. Bc1 Qh4 21. Ne4 Ng5
22. Nd6 Bxd6 23. exd6 Rd7 24. c5 e5 25. f4 Ne6 26. Qxe5 Ra8
27. f5 Nf8 28. Rd4 Qh5 29. g4 Qh3 30. Qg3 Qxg3+ 31. hxg3 f6
32. Bf4 Rf7 33. Rde4 Nd7 34. b4 axb4 35. axb4 b6 36. b5 Rc8
37. Re8+ Rf8 38. Rxc8 Rxc8 39. Re7 Nxc5 40. Rc7 Rd8 41. bxc6
1-0